000 00719nam a2200241Ia 4500
003 OSt
005 20220923213702.0
006 a|||||r|||| 00| 0
007 ta
008 220922b |||||||| |||| 00| 0 hin d
024 _a163,997
037 _cTextual
040 _aARTS
_cARTS
_bhin
041 _2hin
_ahin
082 _aO152,1N18,1, H8
100 _aआनन्दकुमार
245 0 _aअगंराज
246 _aAganrāja
260 _aदिल्ली
_b राजपाल एण्ड संस
_c1948
650 _aहिन्दी साहित्य
_9156264
942 _hO152,1N18,1, H8
_cTEXL
_2CC
999 _c318477
_d318477